<?xml version="1.0" encoding="UTF-8"?>
<record
    xmlns:xsi="http://www.w3.org/2001/XMLSchema-instance"
    xsi:schemaLocation="http://www.loc.gov/MARC21/slim http://www.loc.gov/standards/marcxml/schema/MARC21slim.xsd"
    xmlns="http://www.loc.gov/MARC21/slim">

  <leader>01355cam a22002895a 4500</leader>
  <controlfield tag="001">ocn221167112</controlfield>
  <controlfield tag="003">OSt</controlfield>
  <controlfield tag="005">20161116153344.0</controlfield>
  <controlfield tag="008">080407t2009    enka   frb    001 0 eng d</controlfield>
  <datafield tag="020" ind1=" " ind2=" ">
    <subfield code="a">9781932078756</subfield>
  </datafield>
  <datafield tag="020" ind1=" " ind2=" ">
    <subfield code="a">1932078754</subfield>
  </datafield>
  <datafield tag="040" ind1=" " ind2=" ">
    <subfield code="a">BTCTA</subfield>
    <subfield code="c">BTCTA</subfield>
    <subfield code="d">BAKER</subfield>
    <subfield code="d">RVE</subfield>
    <subfield code="d">AU@</subfield>
    <subfield code="d">YDXCP</subfield>
    <subfield code="d">FDA</subfield>
    <subfield code="d">EG-ScBUE</subfield>
    <subfield code="b">eng</subfield>
  </datafield>
  <datafield tag="082" ind1="0" ind2="4">
    <subfield code="a">620.192</subfield>
    <subfield code="2">22</subfield>
    <subfield code="b">PAI</subfield>
  </datafield>
  <datafield tag="100" ind1="1" ind2=" ">
    <subfield code="a">Painter, Paul C.</subfield>
    <subfield code="9">38578</subfield>
  </datafield>
  <datafield tag="245" ind1="1" ind2="0">
    <subfield code="a">Essentials of polymer science and engineering /</subfield>
    <subfield code="c">Paul C. Painter, Michael M. Coleman.</subfield>
  </datafield>
  <datafield tag="260" ind1=" " ind2=" ">
    <subfield code="a">Lancaster :</subfield>
    <subfield code="b">DEStech Publications, Inc.,</subfield>
    <subfield code="c">c.2009.</subfield>
  </datafield>
  <datafield tag="300" ind1=" " ind2=" ">
    <subfield code="a">xvii, 525 p. :</subfield>
    <subfield code="b">ill. ;</subfield>
    <subfield code="c">27 cm.</subfield>
  </datafield>
  <datafield tag="500" ind1=" " ind2=" ">
    <subfield code="a">Index : p. 517-525.</subfield>
  </datafield>
  <datafield tag="504" ind1=" " ind2=" ">
    <subfield code="a">Includes bibliographical references.</subfield>
  </datafield>
  <datafield tag="505" ind1="2" ind2=" ">
    <subfield code="a">Introduction -- Microstructure and molecular weight -- Polymer synthesis -- Polymerization kinetics -- Polymerization : probability and statistics -- Copolymerization -- Spectroscopy and the characterization of chain microstructure -- Structure and morphology -- Natural polymers -- Crystallization, melting and the glass transition -- Polymer solutions and blends -- Molecular weight and branching -- Mechanical and rheological properties -- Processing.</subfield>
  </datafield>
  <datafield tag="650" ind1=" " ind2="7">
    <subfield code="a">polymers.</subfield>
    <subfield code="2">BUEsh</subfield>
    <subfield code="9">5875</subfield>
  </datafield>
  <datafield tag="650" ind1=" " ind2="7">
    <subfield code="a">Polymerization.</subfield>
    <subfield code="2">BUEsh</subfield>
    <subfield code="9">6762</subfield>
  </datafield>
  <datafield tag="651" ind1=" " ind2=" ">
    <subfield code="2">BUEsh</subfield>
  </datafield>
  <datafield tag="653" ind1=" " ind2=" ">
    <subfield code="b">ENGCHE</subfield>
    <subfield code="c">November2016</subfield>
  </datafield>
  <datafield tag="700" ind1="1" ind2=" ">
    <subfield code="a">Coleman, Michael M.</subfield>
  </datafield>
  <datafield tag="942" ind1=" " ind2=" ">
    <subfield code="2">ddc</subfield>
  </datafield>
  <datafield tag="999" ind1=" " ind2=" ">
    <subfield code="c">23172</subfield>
    <subfield code="d">23144</subfield>
  </datafield>
  <datafield tag="952" ind1=" " ind2=" ">
    <subfield code="0">0</subfield>
    <subfield code="1">0</subfield>
    <subfield code="2">ddc</subfield>
    <subfield code="4">0</subfield>
    <subfield code="7">0</subfield>
    <subfield code="8">Baccah</subfield>
    <subfield code="a">MAIN</subfield>
    <subfield code="b">MAIN</subfield>
    <subfield code="c">1ST</subfield>
    <subfield code="d">2016-11-16</subfield>
    <subfield code="e">Purchase</subfield>
    <subfield code="g">1700.00</subfield>
    <subfield code="h">23587</subfield>
    <subfield code="l">1</subfield>
    <subfield code="m">4</subfield>
    <subfield code="o">620.192 PAI</subfield>
    <subfield code="p">000034897</subfield>
    <subfield code="r">2025-07-15 00:00:00</subfield>
    <subfield code="s">2017-11-06</subfield>
    <subfield code="v">2125.00</subfield>
    <subfield code="y">BB</subfield>
  </datafield>
</record>
